000 01539nam a2200349 c 4500
003 BLK
005 20250730150029.0
008 180408b bul|||||r ||||||| ||bul||
010 _aKNG00054762000
020 _a954-657-368-Х
_bиздат.: ПАН
040 _aBLK
041 _aBUL
_cBUL
080 _aБългарска литература
_b821.163.2
_x-1
_z821.163.2-1
100 1 _aВазов, Иван Минчов
_eпърви автор
_9363396
139 _aВазов, Иван Минчов
_bВ 15
245 1 0 _aЕпопея на забравените
_cИван Минчов Вазов.
245 1 0 _aИзбрани стихотворения
_b
_c
257 _aBGR
260 София
_bПАН
_c2004
_fСофия : Инвестпрес
300 _a176 с.
_c20 см
380 _aX
490 1 _aПоредица Книги за ученика
500 _aОфс. изд. - Съдържа и Диалогът между историята в одата "Опълченците на Шипка" от Иван Вазов ; За единството на цикъла "Епопея на забравените" ; За цикъла "Епопея на забравените" (1881-1884) ; Животопис
590 _aф
653 _aстихотворения
852 _aЦб 224347
856 4 _qpdf
_u
856 4 _qpdf
_u
942 _cKNG
_n0
_0226
944 _aCR
_c04.08.2005
_k30576
_lЦветомила Тодорова
944 _aED
_c06.10.2016
_kВиолета_Тройчева
999 _c50869
_d50869